000 00537nam a22001937a 4500
003 KOHA_MİRAKIL
005 20251111082551.0
008 251111b tu ||||| |||| 00| 0 tur d
020 _a9786257650083
040 _aTR-AnABB
_btur
_cTR-AnABB
041 _atur
082 _a828.3354
_bJOR 2021
100 1 _aJordan, Robert,
245 1 0 _aKılıçtan taç /
_cRobert Jordan
260 _aİstanbul :
_bİthaki Yayınları,
_c2021
300 _a695 sayfa ;
_c20 cm
650 0 4 _aAmerikan edebiyatı, roman
942 _2ddc
_cBK
999 _c9325
_d9325
900 _bGizem YORULMAZ